LEADER 01364nam a2200313 a 4500 001 000000128565 003 CaOOAMICUS 005 20120424151253.0 008 120424s2010 gw a u000 u ger r 020 $z9783110224153* 040 $aPUL$bita 082 04$a516.9 100 1 $aToth, Imre,$d1921-$0(OLS)http://pul/name/23870 245 10$aFragmente und Spuren nichteuklidischer Geometrie bei Aristoteles /$cImre Tóth. 260 $aBerlin :$bDe Gruyter,$c©2010. 300 $aXXIV, 425 p. :$bill. ;$c24 cm. 490 1 $aBeiträge zur Altertumskunde ;$v280 504 $aInclude riferimenti bibliografici. 600 04$aAristoteles,$d384-322 a.C.$tAnalytica priora.$0(OLS)http://pul/subject/33390 650 4$aGeometria.$0(OLS)http://pul/subject/17072 830 0$aBeiträge zur Altertumskunde ;$v280.$0(OLS)http://pul/title/140329 850 $aPUL 852 $aPUL$W1$xSL Cons. Gen., Altre Classi 3$y75$m516. 9 TOTIM 1$j148930$qDDC 21$B147434$CPULBib$Z2$F147434 $H116565 $82 941 1 $a9 996 $6020$z9783110224153*$9(OLS)http://pul/number/149520 996 $6082$a516.9$9(OLS)http://pul/classification/2245 996 $6245$aFragmente und Spuren nichteuklidischer Geometrie bei Aristoteles$9(OLS)http://pul/title/162463 996 $6260$aBerlin :$bDe Gruyter$9(OLS)http://pul/publisher/48625 LEADER 01587nam a2200313 a 4500 001 000000130704 003 CaOOAMICUS 005 20121005095033.0 008 121005s2012 sp u000 u spa r 020 $a978-84-926023-9-1 040 $aPUL$bita 082 04$a263 100 1 $aGandía Barber, Juan Damían,$csacerdote,$d1965-$0(OLS)http://pul/name/64223 245 13$aLa Cuaresma: camino de renovación y salvación :$bhermenéutica catecumenal de las lecturas veterotestamentarias de los domingos de Cuaresma /$cJuan Damián Gandía Barber ; presentado por Antonio Cañizares Llovera. 260 $aMurcia :$bLaborum,$c©2012. 300 $a453 p. ;$c21 cm 490 1 $aEstudios sobre la vida cristiana. Serie menor ;$v02 504 $aBibliografia p. 187-194 e in nota. 650 4$aQuaresima.$0(OLS)http://pul/subject/20698 700 1 $aCañizares Llovera, Antonio.$0(OLS)http://pul/name/81449 830 0$aEstudios sobre la vida cristiana.$pSerie menor ;$v02.$0(OLS)http://pul/title/165172 850 $aPUL 852 $aPUL$W1$xDP2 Religione 3$y114$m263 GANJA 1$j151124$qDDC 21$B149839$CPULBib$Z2$F149839 $H120960 $82 941 1 $a9 996 $6020$a978-84-926023-9-1$9(OLS)http://pul/number/150743 996 $6082$a263$9(OLS)http://pul/classification/1774 996 $6245$aLa Cuaresma: camino de renovación y salvación :$bhermenéutica catecumenal de las lecturas veterotestamentarias de los domingos de Cuaresma$9(OLS)http://pul/title/165171 996 $6260$aMurcia :$bLaborum$9(OLS)http://pul/publisher/82121